000 00715nam a2200253Ia 4500
003 OSt
005 20220926024814.0
006 a|||||r|||| 00| 0
007 ta
008 220923b |||||||| |||| 00| 0 eng d
020 _a0198290500
037 _cGeneral Book
040 _aRTL
_cRTL
_beng
041 _2eng
_aeng
082 _aX:54:(G55), N7
100 _aRauscher Michael
_9239008
245 0 _aInternational trade factor movements and the enviorments
260 _aOxford
_bClarendon Press
_c1997
300 _axii, 335p
_ccm.
500 _aBibliography: P 315-32
650 _aAustralia
942 _hX:54:(G55), N7
_cGB
_2CC
999 _c645481
_d645481